<?xml version="1.0" encoding="UTF-8"?><collection xmlns="info:lc/xmlns/marcxchange-v2"><record format="Unimarc" type="bibliographic"><leader>00647nam  2200193   450 </leader><controlfield tag="001">2186389</controlfield><controlfield tag="003">http://id.bnportugal.gov.pt/bib/porbase/2186389</controlfield><datafield ind1=" " ind2=" " tag="010"><subfield code="a">90 04 12069 6</subfield><subfield code="b">(encadernado)</subfield><subfield code="d">compra</subfield></datafield><datafield ind1=" " ind2=" " tag="035"><subfield code="a">UNLCSH_BC_150.iso/06-07-2009/49530</subfield></datafield><datafield ind1=" " ind2=" " tag="100"><subfield code="a">20020308d2001    k  y0pory0103    ba</subfield></datafield><datafield ind1=" " ind2="0" tag="101"><subfield code="a">eng</subfield></datafield><datafield ind1=" " ind2=" " tag="102"><subfield code="a">NL</subfield></datafield><datafield ind1="1" ind2=" " tag="200"><subfield code="a">Medieval mediterranean ports</subfield><subfield code="e">&lt;the &gt;Catalan and Tuscan coasts, 1100 to 1235</subfield><subfield code="f">Silvia Orvietani Busch</subfield></datafield><datafield ind1=" " ind2=" " tag="205"><subfield code="a">1. ed</subfield></datafield><datafield ind1=" " ind2=" " tag="210"><subfield code="a">Leiden</subfield><subfield code="c">Brill</subfield><subfield code="d">2001</subfield></datafield><datafield ind1=" " ind2=" " tag="215"><subfield code="a">XV, 298 p.</subfield><subfield code="d">25 cm</subfield></datafield><datafield ind1="2" ind2=" " tag="225"><subfield code="a">The medieval Mediterranean</subfield></datafield><datafield ind1=" " ind2=" " tag="675"><subfield code="a">339(262)"1100/1235"</subfield><subfield code="v">BN</subfield><subfield code="z">por</subfield></datafield><datafield ind1=" " ind2="1" tag="700"><subfield code="a">Busch</subfield><subfield code="b">Silvia Orvietani</subfield></datafield><datafield ind1=" " ind2="0" tag="801"><subfield code="a">PT</subfield><subfield code="b">UNLCSH</subfield><subfield code="g">RPC</subfield></datafield></record></collection>